000 01516nab a2200229 i 4500
001 768714001
003 CO-MdFUSB
005 20240509170047.0
008 240509t1969 sp ||||| |||| 00| 0 spa d
040 _bspa
_cCO-MdFUSB
_dCO-MdFUSB
041 _aspa
100 _aRezác, Giovanni,
_eautor
245 _aPotestad de los patriarcas y de las iglesias orientales sobre los fieles de su propio rito
_c/ Giovanni Rezác
520 _aA través de su Orientalium Ecclesiarum, el Concilio Vaticano Segundo contribuyó en el restablecimiento de la dignidad y la autoridad de los patriarcas. En consecuencia, llegaron a una resolución que fue sólo temporal y proporcionó cierto grado de satisfacción. Entre las cuestiones que quedaron sin aclarar esta de la precedencia de los patriarcas y la de la extensión de su potestad a todos los fieles de su rito, prescindiendo de dónde se encuentren, es decir, fuera de los patriarcados. Este artículo se ocupa de la segunda cuestión que es más importante por sí misma y por las razones pastorales para el bien de las almas, que tantas veces instó el Concilio.
650 7 _aIglesia
_9655
650 7 _aTeología dogmática
_96937
650 7 _aRitos y ceremonias
_9207
653 _aDerecho canónico
773 0 _049450
_982611
_oR2538
_tRevista internacional de teología Concilium
_w(CO-MdFUSB)8
_x0210-1041
_gNúmero 48, (septiembre - octubre, 1965), páginas: 274 - 283
_qpágina: 274
942 _cANA
945 _aCatherine Arias Alvarez - Practicante SENA
999 _c69645
_d69645